000 00903nam a2200253 4500
001 13403
003 HDC
007 cr bn ---aaaaa
008 210212c xx dr|nes 0 a eng d
040 _aHDC
100 _aZurinna Raja Adam,
_eauthor
_99725
245 0 _aHalal Research Summit gives birth to IP Bank /
_cby Zurinna Raja Adam
260 _a[No place] :
_b[publisher not identified],
_c[no year]
336 _atext
_2rdacontent
337 _acomputer
_2rdamedia
338 _aonline resource
_2rdacarrier
650 _aBanks and banking
_xReligious aspects
_xIslam
_9262
650 _aHalal food industry
_zMalaysia
_9218
710 _aNew Straits Times
856 _zRequest full-text at [email protected]
942 _2lcc
942 _cNEWS
942 _kNWSC 004386
999 _c10719
_d10719